Grow vegetables / (Record no. 1861)

MARC details
000 -LEADER
fixed length control field 01610cam a22003977i 4500
001 - CONTROL NUMBER
control field data
005 - DATE AND TIME OF LATEST TRANSACTION
control field 20260322212121.0
008 - FIXED-LENGTH DATA ELEMENTS--GENERAL INFORMATION
fixed length control field data
035 ## - SYSTEM CONTROL NUMBER
System control number 19001111
010 ## - LIBRARY OF CONGRESS CONTROL NUMBER
LC control number 2015458951
020 ## - INTERNATIONAL STANDARD BOOK NUMBER
International Standard Book Number 1465444866
020 ## - INTERNATIONAL STANDARD BOOK NUMBER
International Standard Book Number 9781465444868
035 ## - SYSTEM CONTROL NUMBER
System control number (OCoLC)910703216
040 ## - CATALOGING SOURCE
Original cataloging agency YDXCP
Language of cataloging eng
Transcribing agency YDXCP
Description conventions rda
Modifying agency DLC
-- OCLCQ
-- BDX
-- OCLCQ
-- CLE
-- JRZ
-- VP@
-- OCLCF
-- DLC
042 ## - AUTHENTICATION CODE
Authentication code lccopycat
050 00 - LIBRARY OF CONGRESS CALL NUMBER
Classification number SB320.4
Item number .B83 2016
082 04 - DEWEY DECIMAL CLASSIFICATION NUMBER
Classification number 635
Edition information 23
100 1# - MAIN ENTRY--PERSONAL NAME
Personal name Buckingham, Alan,
Relator term author.
245 10 - TITLE STATEMENT
Title Grow vegetables /
Statement of responsibility, etc. Alan Buckingham ; specialist consultant, Jo Whittingham.
264 #1 - PRODUCTION, PUBLICATION, DISTRIBUTION, MANUFACTURE, AND COPYRIGHT NOTICE
Place of production, publication, distribution, manufacture New York, New York :
Name of producer, publisher, distributor, manufacturer DK Publishing,
Date of production, publication, distribution, manufacture, or copyright notice 2016.
300 ## - PHYSICAL DESCRIPTION
Extent 352 pages :
Other physical details illustrations (chiefly color) ;
Dimensions 24 cm
336 ## - CONTENT TYPE
Content type term text
Content type code txt
Source rdacontent
337 ## - MEDIA TYPE
Media type term unmediated
Media type code n
Source rdamedia
338 ## - CARRIER TYPE
Carrier type term volume
Carrier type code nc
Source rdacarrier
500 ## - GENERAL NOTE
General note Includes index.
505 0# - FORMATTED CONTENTS NOTE
Formatted contents note Vegetable grower's know-how -- Cabbages & leaf vegetables -- Root & stem vegetables -- Peas & beans -- Salads -- Fruiting vegetables -- Cucumbers & squash -- Perennial vegetables -- Herbs -- Vegetable year planner -- Vegetable doctor.
650 #0 - SUBJECT ADDED ENTRY--TOPICAL TERM
Topical term or geographic name entry element Gardening.
650 #0 - SUBJECT ADDED ENTRY--TOPICAL TERM
Topical term or geographic name entry element Vegetable gardening.
650 #7 - SUBJECT ADDED ENTRY--TOPICAL TERM
Topical term or geographic name entry element Gardening.
Source of heading or term fast
Authority record control number or standard number (OCoLC)fst00937852
650 #7 - SUBJECT ADDED ENTRY--TOPICAL TERM
Topical term or geographic name entry element Vegetable gardening.
Source of heading or term fast
Authority record control number or standard number (OCoLC)fst01164731
700 1# - ADDED ENTRY--PERSONAL NAME
Personal name Whittingham, Jo,
Relator term contributor.
856 42 - ELECTRONIC LOCATION AND ACCESS
Materials specified Publisher description
Uniform Resource Identifier <a href="http://www.loc.gov/catdir/enhancements/fy1604/2015458951-d.html">http://www.loc.gov/catdir/enhancements/fy1604/2015458951-d.html</a>
906 ## - LOCAL DATA ELEMENT F, LDF (RLIN)
a 7
b cbc
c copycat
d 2
e ncip
f 20
g y-gencatlg
925 0# -
-- acquire
-- 1 shelf copy
-- policy default
Holdings
Withdrawn status Lost status Damaged status Not for loan Home library Current library Shelving location Date acquired Total checkouts Full call number Barcode Date last seen Price effective from Koha item type
        Centerville Centerville General stacks 22/03/2026   635 LOC-CPL-00029 22/03/2026 22/03/2026 Books